Teoría de la deshistorizante legibilidad literaria / (Registro nro. 184314)

Detalles MARC
000 -LEADER
campo de control de longitud fija 00838nam a2200253 i 4500
001 - NÚMERO DE CONTROL
campo de control 184314
003 - IDENTIFICADOR DE NÚMERO DE CONTROL
campo de control ES-MaACL
005 - FECHA Y HORA DE LA ÚLTIMA TRANSACCIÓN
campo de control 20231119150134.0
008 - DATOS DE LONGITUD FIJA--INFORMACIÓN GENERAL
campo de control de longitud fija 150617s2011 sp |||| | spa d
020 ## - NÚMERO INTERNACIONAL ESTÁNDAR DEL LIBRO
Número Internacional Estándar del Libro 978-84-9946-150-2
080 ## - NÚMERO DE LA CLASIFICACIÓN DECIMAL UNIVERSAL
Número de la Clasificación Decimal Universal 82:1
100 1# - ENTRADA PRINCIPAL--NOMBRE DE PERSONA
Nombre de persona Cabada Gómez, Manuel.
9 (RLIN) 157059
245 10 - MENCIÓN DEL TÍTULO
Título Teoría de la deshistorizante legibilidad literaria /
Mención de responsabilidad, etc. Manuel Cabada Gómez.
250 ## - MENCION DE EDICION
Mención de edición 2ª ed.
260 ## - PUBLICACIÓN, DISTRIBUCIÓN, ETC.
Lugar de publicación, distribución, etc. Madrid :
Nombre del editor, distribuidor, etc. Edición Personal,
Fecha de publicación, distribución, etc. 2011.
300 ## - DESCRIPCIÓN FÍSICA
Extensión 211 p. ;
Dimensiones 21 cm.
504 ## - NOTA DE BIBLIOGRAFÍA, ETC.
Nota de bibliografía, etc. Bibliografía: p. [209]-211.
650 #4 - PUNTO DE ACCESO ADICIONAL DE MATERIA--TÉRMINO DE MATERIA
Término de materia o nombre geográfico como elemento de entrada Literatura-
Subdivisión general Filosofía.
9 (RLIN) 14488
852 4# - LOCALIZACIÓN
Ubicación ES-MaACL
Número de control de estantería A-13556
itemnumber 191310
Sublocalización o colección R.150779
Ubicación en estantería Depósito 1
Signatura antigua Olim: N-6556
Donativo/Legado Donacion: Manuel Cabada Gómez
903 ## - NOMBRE PERSONAL DE DONANTE
9 157059
a Cabada Gómez, Manuel
e Donante
942 ## - ELEMENTOS DE ENTRADA SECUNDARIOS (KOHA)
Fuente del sistema de clasificación o colocación Clasificación decimal universal
Tipo de ítem Koha Libro impreso
Existencias
Estatus retirado Estado de pérdida Fuente del sistema de clasificación o colocación Estado de daño No para préstamo Biblioteca de origen Biblioteca actual Ubicación en estantería Fecha de adquisición Fuente de adquisición Total de préstamos Signatura topográfica completa Código de barras Visto por última vez Precio de reemplazo Tipo de ítem Koha
    Clasificación decimal universal     Biblioteca del Ateneo de Madrid Biblioteca del Ateneo de Madrid Depósito 1 17/06/2015 Donación   A-13556 1193903 23/02/2023 23/02/2023 Libro impreso